[Event "Gatineau op-C"]
[Site "Gatineau"]
[Date "2015.03.??"]
[Round "1"]
[White "Ethier, Valori"]
[Black "Peters, Romy"]
[Result "0-1"]
[WhiteElo "1347"]
[BlackElo "1592"]
[PlyCount "164"]
[EventDate "2015.03.07"]
[EventType "swiss"]
[EventRounds "5"]
[EventCountry "CAN"]
[SourceTitle "EXT 2016"]
[Source "ChessBase"]
[SourceDate "2015.10.08"]
[SourceVersion "1"]
[SourceVersionDate "2015.10.08"]
[SourceQuality "1"]

1. e4 e6 2. d4 d5 3. e5 c5 4. c3 Nc6 5. Nf3 Qb6 6. Bd3 Bd7 7. dxc5 Bxc5 8. Qe2 Nge7 9. 0-0 Ng6 10. Rd1 Qc7 11. Bxg6 hxg6 12. Na3 a6 13. Nc2 Ne7 14. Be3 Rc8 15. Bxc5 Qxc5 16. Ncd4 Nf5 17. Rac1 Qc7 18. Rd2 Rh5 19. Nxf5 gxf5 20. Nd4 Rh6 21. Qe3 Qd8 22. Qg3 Rg6 23. Qh3 Qg5 24. Nf3 Qh6 25. Qxh6 Rxh6 26. Rd4 Ke7 27. Rh4 Rxh4 28. Nxh4 g5 29. Nf3 f6 30. Rd1 Bb5 31. Rd4 Be2 32. exf6+ Kxf6 33. Ne1 Bb5 34. f4 g4 35. g3 Rc5 36. Nd3 Bxd3 37. Rxd3 Rc4 38. Kf2 b5 39. Rd4 a5 40. Ke3 Ke7 41. Rd2 Kd6 42. Kd3 Rc8 43. a3 Rc7 44. Re2 Rc4 45. h4 gxh3 46. Rh2 Re4 47. Rxh3 Re1 48. Kd2 Rg1 49. Kc2 a4 50. b4 Rg2+ 51. Kb1 Re2 52. g4 fxg4 53. Rg3 Rf2 54. Rxg4 Re2 55. f5 exf5 56. Rg6+ Re6 57. Rg1 f4 58. Kc2 f3 59. Kd3 Rf6 60. Ke3 Ke5 61. Kf2 Rf5 62. Re1+ Kf4 63. Rd1 Re5 64. Rd4+ Re4 65. Rd3 Re2+ 66. Kf1 Ra2 67. Rxd5 Rxa3 68. Rd2 Rxc3 69. Kf2 Rc4 70. Rd3 Rxb4 71. Rxf3+ Ke5 72. Re3+ Kd4 73. Rh3 Rc4 74. Rh4+ Kc3 75. Rh3+ Kb4 76. Rh1 a3 77. Rb1+ Ka4 78. Ke3 b4 79. Kd3 Rc8 80. Kd2 a2 81. Re1 b3 82. Re4+ Ka3 0-1

[Event "Gatineau op-C"]
[Site "Gatineau"]
[Date "2015.03.??"]
[Round "4"]
[White "Peters, Romy"]
[Black "Carroll, Billy"]
[Result "1-0"]
[WhiteElo "1592"]
[BlackElo "1375"]
[PlyCount "81"]
[EventDate "2015.03.07"]
[EventType "swiss"]
[EventRounds "5"]
[EventCountry "CAN"]
[SourceTitle "EXT 2016"]
[Source "ChessBase"]
[SourceDate "2015.10.08"]
[SourceVersion "1"]
[SourceVersionDate "2015.10.08"]
[SourceQuality "1"]

1. d4 d6 2. Nf3 f6 3. e3 Bf5 4. c4 Nc6 5. Nc3 e5 6. Nh4 Bd7 7. Qh5+ g6 8. Nxg6 hxg6 9. Qxh8 Nh6 10. e4 Nf7 11. Qh4 Nxd4 12. Bd3 g5 13. Qg3 a6 14. Be3 c6 15. 0-0 b5 16. cxb5 axb5 17. Bxd4 exd4 18. Ne2 c5 19. b3 Ne5 20. Bb1 Qa5 21. f4 gxf4 22. Nxf4 Qc3 23. Qxc3 dxc3 24. Nd5 b4 25. Nc7+ Ke7 26. Nxa8 Ng4 27. Bd3 Ne3 28. Rf2 Bh6 29. Nb6 Ng4 30. Nd5+ Kf7 31. Rff1 Bc6 32. h3 Bxd5 33. hxg4 Be6 34. Bc4 Bxc4 35. bxc4 c2 36. Kf2 Ke6 37. Ke2 Ke5 38. Kd3 c1Q 39. Raxc1 Bxc1 40. Rxc1 Kf4 41. Rf1+ 1-0